000 01179cas a22002415 4500
001 L139823
008 111114c2011 xxuar ws ss 0 a0eng u
035 _a(Sirsi) u139823
041 0 _aeng
050 _a333.33 $2 18
110 2 _aNAI Global
_95315
245 0 0 _aGlobal property prices and trends
_h[electronic resource]
260 _aPrinceton
_bNAI Global
_c2011
362 0 _a2011-
490 0 _aNAI Global Property Prices and Trends
_v2011-
520 _aCharts property prices and trends across the key commercial markets for countries in the following regions: Asia Pacific; Europe, Middle East and Africa, Latin America and the Caribbean, and North America. Provides prime net rents and prime yields for offices, shops and industrial/warehouse property, rental rate charts. Also includes demographic and economic data for each country.
554 _aAnnual
650 2 4 _aNAI GLOBAL PROPERTY PRICES AND TRENDS
651 4 _aInternational
690 _aPROPERTY-COMMERCIAL PROPERTY-COMMERCIAL PROPERTY MARKET
856 4 0 _uhttps://www.naiglobal.com/GlobalPubs/default.aspx?pubType=NAID00000007
_zView the item free of charge at www.naiglobal.com
942 _n0
999 _c119135
_d119135